| 000 | 00940nam a22002177a 4500 | ||
|---|---|---|---|
| 999 |
_c3607 _d3607 |
||
| 003 | AR-CdUCM | ||
| 008 | 190306b ||||| |||| 00| 0 spa d | ||
| 040 |
_aMUNICIPALIDAD PROVINCIAL DEL CUSCO _cBIBLIOTECA MUNICIPAL DEL CUSCO |
||
| 082 |
_a869.508 / _bV19 _23ed. |
||
| 100 |
_aValdivia, Juan Gualberto _92118 |
||
| 245 | _aLas revoluciones de Arequipa / | ||
| 260 |
_aArequipa : _bEdiciones populibros, _c1958. |
||
| 300 |
_a231 páginas ; _c17 cm. |
||
| 440 |
_aPopulibro. _n5 _911790 |
||
| 505 | _aContenido: t.2: La revolución de Arequipa -- Tratado de Paucarpata, hecho entre el general Santa Cruz y el general Manuel Blanco Encalada -- Proclamación del general Gamarra en Arequipa, para presidente de la república ... | ||
| 650 |
_aParticipación arequipeña en los acontecimientos politicos del Peru _911791 |
||
| 650 |
_aHistoria del Peru _9259 |
||
| 650 |
_aHistoria de Arequipa _91704 |
||
| 942 |
_2ddc _cLIBROS |
||
| 945 | _acmm | ||